සිරිත් මල්දම /
Sirith maldama
Saved in:
| Main Author: | |
|---|---|
| Other Authors: | |
| Format: | Book |
| Published: |
කොළඹ :
ඇම්. ඩී. ගුණසේන,
2024.
|
| Subjects: | |
| Tags: |
Add Tag
No Tags, Be the first to tag this record!
|
MARC
| LEADER | 00000nam a2200000 4500 | ||
|---|---|---|---|
| 003 | LK-CoNLD | ||
| 005 | 20260331143311.0 | ||
| 008 | 240823b |||||||| |||| 00| 0 ||| d | ||
| 015 | |2 slnb |a slnb202408 | ||
| 017 | |a 495539 |b LK-CoDNA | ||
| 020 | |a 9789552132568 | ||
| 040 | |a LK-CoNLD |b SIN |c LK-CoNLD |d LK-CoNLD | ||
| 082 | |2 23 |q LK-CoNLD |a 891.481 | ||
| 100 | |a සිල්වා , ඇම්.ඇල්. |9 77190 | ||
| 245 | |a සිරිත් මල්දම / |c ඇම්.ඇල්.සිල්වා ; සංස්කරණය කල්ප එරන්ද විසිනි. |6 880-1 | ||
| 260 | |a කොළඹ : |b ඇම්. ඩී. ගුණසේන, |c 2024. | ||
| 300 | |a පි. [iv], 40 ; |c සෙමී. 24. |b කබැ-බෝක : රු. 265.00 | ||
| 650 | 0 | |a ළමා පද්ය, සිංහල |9 5406 | |
| 650 | 0 | |a Children's poetry, Sinhalese |9 5407 | |
| 700 | |a එරන්ද, කල්ප |9 864 |e සංස්. | ||
| 880 | |6 245-1 |a Sirith maldama | ||
| 942 | |c BOOK | ||
| 945 | |a 18246 |b Chamari MUTHUMALI |c 14 |d Mahinda MIHINDUKULASOORIYA | ||
| 999 | |c 280878 |d 280878 | ||